Normal view
MARC view
- Calles, Miguel A
Entry Personal Name
001 - CONTROL NUMBER
- control field: 25823
003 - CONTROL NUMBER IDENTIFIER
- control field: IN-BhIIT
005 - DATE AND TIME OF LATEST TRANSACTION
- control field: 20250317162934.0
008 - FIXED-LENGTH DATA ELEMENTS
- fixed length control field: 250317|| aca||aabn | a|a d
040 ## - CATALOGING SOURCE
- Original cataloging agency: IN-BhIIT
- Transcribing agency: IN-BhIIT
100 ## - HEADING--PERSONAL NAME
- Personal name: Calles, Miguel A
670 ## - SOURCE DATA FOUND
- Source citation: Work cat.: (IN-BhIIT)14784: Calles, Miguel A. Author, Mastering AWS serverless :, 2024.